| 000 | 00638nam a22002057a 4500 | ||
|---|---|---|---|
| 005 | 20251108172325.0 | ||
| 008 | 250721s2000 xx 000 0 ara d | ||
| 082 | 1 | 4 | _a740/ليف |
| 100 | 1 | _aليفاي، مايكل | |
| 245 | 1 | 0 |
_aمن دافنشي إلى سيزان : _bموجز تاريخ الرسم / |
| 264 | 1 |
_aبغداد : _bدار الشؤون الثقافية العامة، _c2000. |
|
| 300 | _a151ص | ||
| 650 | 1 | 7 | _aالرسم |
| 650 | 1 | 7 | _aالرسامون |
| 650 | 1 | 7 | _aعصر النهضة |
| 650 | 1 | 7 | _aالرسوم الفنية |
| 700 | 1 |
_aخليل، فخري _eترجمة |
|
| 942 |
_2ddc _cBK |
||
| 999 |
_c76215 _d76215 |
||